| 000 | 00382nam a2200133Ia 4500 | ||
|---|---|---|---|
| 008 | 210430s9999 xx 000 0 und d | ||
| 020 | _a81-309-0832-8 | ||
| 082 | _a620.5 K811 G | ||
| 100 |
_aYu.R.Kolobov _954103 |
||
| 245 |
_aGrain Boundary Diffusion and Properties of Nanostructured Materials _cYu.R.Kolobov |
||
| 260 |
_aIndia _bViva _c2008 |
||
| 300 | _a236p | ||
| 942 |
_cBK _2ddc |
||
| 999 |
_c564567 _d564567 |
||